000 00636nam a22002177a 4500
003 BD-DhJNU
005 20250703050822.0
008 250703b |||||||| |||| 00| 0 eng d
020 _a0140226524
020 _a9780140226522
040 _aBD-DhJNU
_bENG
_cBD-DhJNU
_dBD-DhJNU
082 _223
_a307.72 PEA
245 _aPeasants and peasant societies :
_bselected readings /
_cedited by Teodor Shanin
250 _a2nd ed.
260 _aNew York :
_bThe Penguin Group,
_c1988.
300 _aix, 502p. :
_bill. ;
_c20 cm.
504 _aIncludes index
650 _aPeasantry
700 _aShanin, Teodor
_eedtor
942 _2ddc
_cBK
_n0
999 _c1868
_d1868